[Event "Olympiad-41"]
[Site "Tromsoe"]
[Date "2014.08.06"]
[Round "5.2"]
[White "Meier, Kurt"]
[Black "Hemam, Moulaye Brahim"]
[Result "0-1"]
[WhiteElo "1944"]
[BlackElo "2070"]
[PlyCount "116"]
[EventDate "2014.08.02"]
[EventType "team-swiss"]
[EventRounds "11"]
[EventCountry "NOR"]
[SourceTitle "CBM 162"]
[Source "ChessBase"]
[SourceDate "2014.09.17"]
[SourceVersion "1"]
[SourceVersionDate "2014.09.17"]
[SourceQuality "1"]
[WhiteTeam "Seychelles"]
[BlackTeam "Mauritania"]
[WhiteTeamCountry "SEY"]
[BlackTeamCountry "MAU"]

1. e4 c5 2. Nf3 Nc6 3. d4 cxd4 4. Nxd4 Nf6 5. Nc3 e5 6. Ndb5 d6 7. Nd5 Nxd5 8. exd5 Nb8 9. c4 a6 10. Nc3 Be7 11. Bd3 0-0 12. 0-0 f5 13. f3 Nd7 14. Be3 b6 15. b4 Bg5 16. Bf2 Bh4 17. g3 Bg5 18. Qc2 g6 19. Rab1 Qc7 20. Qe2 Bh6 21. Rb2 Bb7 22. Rc2 Rae8 23. Re1 Rc8 24. Kg2 Rfe8 25. Qf1 Bg7 26. Qg1 e4 27. fxe4 Bxc3 28. Rxc3 fxe4 29. Bxe4 Rxe4 30. Rxe4 Bxd5 31. cxd5 Qxc3 32. Qe1 Qxe1 33. Rxe1 Rc2 34. Re6 Ne5 35. Kf1 Nc4 36. Bxb6 Nxb6 37. Rxd6 Nc4 38. Rxa6 Ne3+ 39. Ke1 Nxd5 40. b5 Rxh2 41. a4 Rb2 42. Ra8+ Kg7 43. Rb8 Nc3 44. a5 Rxb5 45. Rxb5 Nxb5 46. Kd2 h5 47. Kd3 g5 48. Ke4 Kf6 49. Kd5 Na7 50. Ke4 Ke6 51. a6 Nc6 52. Ke3 Ke5 53. Kf3 Kd4 54. Kf2 Ke4 55. Ke2 g4 56. Kf2 Kd3 57. Kf1 Ke3 58. Kg2 Na7 0-1

[Event "Olympiad-41"]
[Site "Tromsoe"]
[Date "2014.08.04"]
[Round "3.2"]
[White "Meier, Kurt"]
[Black "Winter Atwell, Adrian"]
[Result "0-1"]
[WhiteElo "1944"]
[BlackElo "2110"]
[PlyCount "42"]
[EventDate "2014.08.02"]
[EventType "team-swiss"]
[EventRounds "11"]
[EventCountry "NOR"]
[SourceTitle "CBM 162"]
[Source "ChessBase"]
[SourceDate "2014.09.17"]
[SourceVersion "1"]
[SourceVersionDate "2014.09.17"]
[SourceQuality "1"]
[WhiteTeam "Seychelles"]
[BlackTeam "Trinidad and Tobago"]
[WhiteTeamCountry "SEY"]
[BlackTeamCountry "TRI"]

1. e4 e5 2. Nf3 Nc6 3. Bb5 Bc5 4. 0-0 Nd4 5. Nxd4 Bxd4 6. c3 Bb6 7. d4 c6 8. Ba4 d6 9. Na3 Nf6 10. Bg5 h6 11. Bh4 g5 12. dxe5 gxh4 13. exf6 Qxf6 14. Nc4 Bc7 15. f4 Rg8 16. Rf2 Bg4 17. Qe1 0-0-0 18. e5 Qe6 19. exd6 Qxc4 20. dxc7 Rde8 21. Qd2 Qxa4 0-1

[Event "Reunion op 15th"]
[Site "St Denis"]
[Date "2013.10.16"]
[Round "5"]
[White "Andriandaza, Tombo Omar"]
[Black "Meier, Kurt"]
[Result "1-0"]
[WhiteElo "1690"]
[BlackElo "1963"]
[PlyCount "119"]
[EventDate "2013.10.12"]
[EventType "swiss"]
[EventRounds "9"]
[EventCountry "RUF"]
[SourceTitle "EXT 2014"]
[Source "ChessBase"]
[SourceDate "2013.11.20"]
[SourceVersion "1"]
[SourceVersionDate "2013.11.20"]
[SourceQuality "1"]

1. d4 Nf6 2. c3 d5 3. Qc2 g6 4. Bf4 Bg7 5. e3 0-0 6. Bd3 Nbd7 7. Nd2 c5 8. Ngf3 b6 9. Ne5 Bb7 10. Ndf3 c4 11. Be2 Ne4 12. Ng4 Ndf6 13. Nge5 a5 14. Nd2 b5 15. f3 Nd6 16. g4 Nd7 17. h4 f6 18. Nxd7 Qxd7 19. 0-0-0 b4 20. g5 f5 21. h5 Bc6 22. hxg6 hxg6 23. Be5 Nf7 24. f4 Nxe5 25. dxe5 Ba4 26. b3 cxb3 27. axb3 Bb5 28. c4 Ba6 29. Nf3 e6 30. Kd2 Kf7 31. Ke1 Qc8 32. Qa2 dxc4 33. bxc4 Bb7 34. Kf2 a4 35. Rd6 Rd8 36. Rhd1 Rxd6 37. Rxd6 Bf8 38. Rd1 b3 39. Qb1 Be4 40. Qb2 Bc2 41. Rh1 a3 42. Qc3 a2 43. Nd4 Qb7 44. Bf3 Be4 45. Bxe4 Qxe4 46. Ra1 Ra3 47. Nxb3 Qb7 48. Na5 Qb6 49. Qd2 Rxa5 50. Qd7+ Be7 51. Rh1 Ra7 52. Qc8 Bf8 53. Rh7+ Bg7 54. Qh8 Qb2+ 55. Kf3 Qb7+ 56. Kf2 Qb2+ 57. Kg3 Qxe5 58. fxe5 f4+ 59. Kg2 a1Q 60. Rxg7# 1-0

[Event "Reunion op 15th"]
[Site "St Denis"]
[Date "2013.10.13"]
[Round "2"]
[White "Meier, Kurt"]
[Black "Weber, Richard"]
[Result "1-0"]
[WhiteElo "1963"]
[BlackElo "1688"]
[PlyCount "115"]
[EventDate "2013.10.12"]
[EventType "swiss"]
[EventRounds "9"]
[EventCountry "RUF"]
[SourceTitle "EXT 2014"]
[Source "ChessBase"]
[SourceDate "2013.11.20"]
[SourceVersion "1"]
[SourceVersionDate "2013.11.20"]
[SourceQuality "1"]

1. e4 e5 2. Nf3 Nf6 3. d4 Nxe4 4. Nxe5 d5 5. Bd3 Be7 6. 0-0 0-0 7. c4 Nf6 8. cxd5 Nxd5 9. Nc3 c6 10. Be3 f5 11. Nxd5 Qxd5 12. Bc4 Be6 13. Bxd5 Bxd5 14. f4 Na6 15. a3 Nc7 16. Rc1 Be4 17. Qb3+ Nd5 18. Rf2 Rfe8 19. Bd2 h6 20. Qxb7 Rab8 21. Qd7 Nf6 22. Qe6+ Kh7 23. Qa2 Bd5 24. Qb1 Ne4 25. b4 Rbc8 26. Re2 Bf6 27. Qd3 Nd6 28. Qg3 Bxe5 29. dxe5 Ne4 30. Qe3 a6 31. Qb6 Ra8 32. Be3 Reb8 33. Qc7 Rc8 34. Qd7 Kg6 35. g4 Rf8 36. gxf5+ Kh7 37. f6 Rf7 38. Qxf7 Bxf7 39. fxg7 Bd5 40. Rg2 Rg8 41. f5 Rxg7 42. Rxg7+ Kxg7 43. Rc2 h5 44. Rg2+ Kf7 45. Bd4 h4 46. e6+ Ke7 47. Rg7+ Ke8 48. Bc5 Nxc5 49. bxc5 h3 50. Kf2 Be4 51. Rf7 a5 52. Ke3 Bd5 53. Kf4 Bc4 54. Ke5 Bd5 55. f6 Bc4 56. Rh7 Kd8 57. Kd6 Kc8 58. f7 1-0

[Event "Reunion op 14th"]
[Site "St Denis"]
[Date "2012.10.11"]
[Round "7"]
[White "Caron, Jean Marie"]
[Black "Meier, Kurt"]
[Result "1-0"]
[WhiteElo "1872"]
[BlackElo "1960"]
[PlyCount "99"]
[EventDate "2012.10.06"]
[EventType "swiss"]
[EventRounds "9"]
[EventCountry "RUF"]
[SourceTitle "EXT 2013"]
[Source "ChessBase"]
[SourceDate "2012.11.22"]
[SourceVersion "1"]
[SourceVersionDate "2012.11.22"]
[SourceQuality "1"]

1. c4 c5 2. Nc3 Nc6 3. g3 g6 4. Bg2 Bg7 5. d3 a6 6. Nf3 e6 7. 0-0 d6 8. Bf4 Nf6 9. Qc1 h6 10. h4 e5 11. Bd2 Be6 12. Nh2 Qc7 13. Nd5 Bxd5 14. cxd5 Nd4 15. Re1 Qd7 16. e3 Nf5 17. Bh3 Qb5 18. Bf1 Qd7 19. Be2 h5 20. Nf3 0-0 21. e4 Nd4 22. Nxd4 cxd4 23. Qd1 Rac8 24. Qb3 Rc5 25. Rac1 Rfc8 26. Rxc5 Rxc5 27. Rc1 Rxc1+ 28. Bxc1 b5 29. Qc2 Bf8 30. Bf1 Qa7 31. f3 Qc5 32. Qd1 Kh7 33. Bg5 Nd7 34. Bh3 Nb6 35. g4 hxg4 36. fxg4 Bh6 37. Bxh6 Kxh6 38. g5+ Kg7 39. Qf1 Na4 40. Qf6+ Kg8 41. Qd8+ Kg7 42. Qf6+ Kg8 43. h5 Qc1+ 44. Kg2 Qc2+ 45. Kh1 Qc1+ 46. Kh2 Qf4+ 47. Qxf4 exf4 48. h6 Nxb2 49. e5 Nxd3 50. e6 1-0

[Event "Reunion op 14th"]
[Site "St Denis"]
[Date "2012.10.07"]
[Round "3"]
[White "Rodier, David"]
[Black "Meier, Kurt"]
[Result "1/2-1/2"]
[WhiteElo "2133"]
[BlackElo "1960"]
[PlyCount "81"]
[EventDate "2012.10.06"]
[EventType "swiss"]
[EventRounds "9"]
[EventCountry "RUF"]
[SourceTitle "EXT 2013"]
[Source "ChessBase"]
[SourceDate "2012.11.22"]
[SourceVersion "1"]
[SourceVersionDate "2012.11.22"]
[SourceQuality "1"]

1. d4 Nf6 2. c4 g6 3. Nc3 d5 4. cxd5 Nxd5 5. e4 Nxc3 6. bxc3 Bg7 7. Be3 0-0 8. Qd2 Nd7 9. Bh6 c5 10. Bxg7 Kxg7 11. Bc4 Qa5 12. Ne2 cxd4 13. cxd4 Qxd2+ 14. Kxd2 Nb6 15. Bd3 f5 16. f3 Bd7 17. Ke3 Rac8 18. Rhb1 Rc7 19. a4 fxe4 20. fxe4 Nxa4 21. Rb4 b5 22. Bxb5 Bxb5 23. Rxb5 Nb6 24. Rc5 Rfc8 25. Nf4 Kf7 26. Rf1 Rxc5 27. dxc5 Nd7 28. Nd3+ Ke6 29. Kd4 Nb8 30. Nf4+ Kd7 31. Kd5 Nc6 32. Nd3 e6+ 33. Kc4 Re8 34. Rb1 Kc7 35. Rf1 Rd8 36. Rf7+ Rd7 37. Rxd7+ Kxd7 38. Kb5 Nd4+ 39. Kc4 Nc6 40. Kb5 Nd4+ 41. Kc4 1/2-1/2

[Event "Reunion op 13th"]
[Site "St Denis"]
[Date "2011.10.07"]
[Round "8"]
[White "Meier, Kurt"]
[Black "Rivolo, Jean Guillaume"]
[Result "0-1"]
[WhiteElo "1990"]
[BlackElo "1463"]
[PlyCount "74"]
[EventDate "2011.10.01"]
[EventType "swiss"]
[EventRounds "9"]
[EventCountry "RUF"]
[SourceTitle "EXT 2012"]
[Source "ChessBase"]
[SourceDate "2011.11.24"]
[SourceVersion "1"]
[SourceVersionDate "2011.11.24"]
[SourceQuality "1"]

1. e4 c5 2. Nf3 Nc6 3. d4 cxd4 4. Nxd4 d6 5. Nc3 Bd7 6. Be3 Nf6 7. f3 g6 8. Qd2 Nxd4 9. Bxd4 Bg7 10. 0-0-0 Bc6 11. g4 h6 12. Be2 Qc7 13. Kb1 Rg8 14. Nb5 Qb8 15. Qe3 b6 16. e5 Nd5 17. Qd2 dxe5 18. Be3 g5 19. c4 Nc7 20. Nc3 Qb7 21. Rhf1 f6 22. Qc2 Kf7 23. Qb3 Rgd8 24. c5+ e6 25. cxb6 Nd5 26. Bf2 axb6 27. Ne4 Ba4 28. Nc5 Bxb3 29. Nxb7 Bxa2+ 30. Kc1 Rdc8+ 31. Kd2 Bf8 32. Rc1 Bb4+ 33. Rc3 Bxc3+ 34. bxc3 Rxc3 35. Nd6+ Ke7 36. Nb5 Rcc8 37. h4 Bc4 0-1

[Event "Reunion op 13th"]
[Site "St Denis"]
[Date "2011.10.05"]
[Round "5"]
[White "Mablouke, Ulrich"]
[Black "Meier, Kurt"]
[Result "1-0"]
[WhiteElo "1783"]
[BlackElo "1990"]
[PlyCount "79"]
[EventDate "2011.10.01"]
[EventType "swiss"]
[EventRounds "9"]
[EventCountry "RUF"]
[SourceTitle "EXT 2012"]
[Source "ChessBase"]
[SourceDate "2011.11.24"]
[SourceVersion "1"]
[SourceVersionDate "2011.11.24"]
[SourceQuality "1"]

1. e4 c5 2. b4 e6 3. bxc5 Bxc5 4. d4 Bb4+ 5. c3 Be7 6. e5 d6 7. Qg4 g6 8. Nf3 Nc6 9. Bf4 f6 10. Bb5 dxe5 11. Bxc6+ bxc6 12. dxe5 Qd3 13. Nbd2 f5 14. Qg3 c5 15. h4 Ba6 16. c4 Bxc4 17. Nxc4 Qxc4 18. Nd2 Qd5 19. 0-0 Kf7 20. Rfd1 h6 21. Nf3 Qc6 22. Rd2 Rc8 23. Rad1 Rc7 24. Rc2 Qa4 25. Rcd2 Rh7 26. Rd3 Rg7 27. R3d2 Kf8 28. Kh2 Bxh4 29. Nxh4 g5 30. Rd8+ Kf7 31. Nxf5 Re7 32. Nxg7 gxf4 33. Qg4 Qc2 34. Nxe6 Qh7 35. R1d7 Rxd7 36. Rxd7+ Ne7 37. Qh4 Kxe6 38. Rxa7 Qg7 39. Qxf4 Qg6 40. Ra6+ 1-0

[Event "Reunion op 13th"]
[Site "St Denis"]
[Date "2011.10.02"]
[Round "3"]
[White "Letreguilly, Olivier"]
[Black "Meier, Kurt"]
[Result "1-0"]
[WhiteElo "2342"]
[BlackElo "1990"]
[PlyCount "37"]
[EventDate "2011.10.01"]
[EventType "swiss"]
[EventRounds "9"]
[EventCountry "RUF"]
[SourceTitle "EXT 2012"]
[Source "ChessBase"]
[SourceDate "2011.11.24"]
[SourceVersion "1"]
[SourceVersionDate "2011.11.24"]
[SourceQuality "1"]

1. c4 c6 2. e4 d5 3. cxd5 cxd5 4. exd5 Qxd5 5. Nc3 Qa5 6. d4 e6 7. Nf3 Nf6 8. Bd3 Be7 9. 0-0 Nc6 10. Re1 a6 11. a3 b5 12. Bg5 Bb7 13. d5 exd5 14. Bxf6 gxf6 15. Nxd5 Kf8 16. Qc1 h6 17. Nxe7 Nxe7 18. Rxe7 Bxf3 19. Qc5 1-0

[Event "Reunion op 13th"]
[Site "St Denis"]
[Date "2011.10.02"]
[Round "2"]
[White "Meier, Kurt"]
[Black "Romain, Arnaud"]
[Result "1-0"]
[WhiteElo "1990"]
[BlackElo "1693"]
[PlyCount "75"]
[EventDate "2011.10.01"]
[EventType "swiss"]
[EventRounds "9"]
[EventCountry "RUF"]
[SourceTitle "EXT 2012"]
[Source "ChessBase"]
[SourceDate "2011.11.24"]
[SourceVersion "1"]
[SourceVersionDate "2011.11.24"]
[SourceQuality "1"]

1. e4 e5 2. Nf3 Nc6 3. Bb5 Nge7 4. 0-0 d6 5. d4 Bd7 6. c4 g6 7. dxe5 Nxe5 8. Nxe5 Bxb5 9. Nxf7 Kxf7 10. cxb5 Bg7 11. Nc3 Rf8 12. Qb3+ Ke8 13. Bg5 h6 14. Bxe7 Qxe7 15. Nd5 Qd7 16. Rac1 c5 17. bxc6 bxc6 18. Nc3 Ke7 19. Rcd1 Be5 20. g3 Rab8 21. Qc2 g5 22. b3 Rf3 23. Ne2 c5 24. Rd3 Rbf8 25. Kg2 g4 26. Ng1 R3f6 27. f4 h5 28. Rdd1 Bd4 29. Ne2 h4 30. Nxd4 cxd4 31. Rxd4 hxg3 32. hxg3 Rh6 33. Rh1 Rh3 34. Qc4 Rc8 35. Qd5 Rc5 36. Qxc5 dxc5 37. Rxd7+ Kxd7 38. Rxh3 1-0

[Event "Olympiad-39"]
[Site "Khanty-Mansiysk"]
[Date "2010.09.28"]
[Round "7.1"]
[White "Meier, Kurt"]
[Black "Murara, Maxence"]
[Result "1-0"]
[WhiteElo "1991"]
[BlackElo "1685"]
[PlyCount "81"]
[EventDate "2010.09.21"]
[EventType "team-swiss"]
[EventRounds "11"]
[EventCountry "RUS"]
[SourceTitle "CBM 139"]
[Source "ChessBase"]
[SourceDate "2010.11.18"]
[SourceVersion "1"]
[SourceVersionDate "2010.11.18"]
[SourceQuality "1"]
[WhiteTeam "Seychelles"]
[BlackTeam "Rwanda"]
[WhiteTeamCountry "SEY"]
[BlackTeamCountry "RWA"]

1. e4 c5 2. Nf3 a6 3. c4 d6 4. d4 cxd4 5. Nxd4 Nf6 6. Nc3 g6 7. Be2 Bg7 8. Be3 0-0 9. 0-0 Nc6 10. Rc1 Qc7 11. Nd5 Qd8 12. f3 e6 13. Nc3 Qc7 14. Qd2 Nd7 15. Rfd1 Nc5 16. Nxc6 Qxc6 17. Qxd6 Qxd6 18. Rxd6 Nd7 19. Rcd1 Ne5 20. Na4 b5 21. cxb5 axb5 22. Bxb5 f5 23. exf5 exf5 24. Nc3 h5 25. a4 h4 26. h3 f4 27. Bb6 Rf5 28. Ne4 Bb7 29. Rd8+ Rxd8 30. Rxd8+ Kh7 31. Nd6 Rf6 32. a5 Bxf3 33. gxf3 Nxf3+ 34. Kf2 Ng5 35. Ne8 Re6 36. Nxg7 Kxg7 37. Bd4+ Kh6 38. Rh8+ Nh7 39. a6 Re4 40. Bc3 Re3 41. a7 1-0

[Event "Olympiad-39"]
[Site "Khanty-Mansiysk"]
[Date "2010.09.21"]
[Round "1.1"]
[White "Al Sayed, Mohammed"]
[Black "Meier, Kurt"]
[Result "1-0"]
[WhiteElo "2495"]
[BlackElo "1991"]
[PlyCount "47"]
[EventDate "2010.09.21"]
[EventType "team-swiss"]
[EventRounds "11"]
[EventCountry "RUS"]
[SourceTitle "CBM 139"]
[Source "ChessBase"]
[SourceDate "2010.11.18"]
[SourceVersion "1"]
[SourceVersionDate "2010.11.18"]
[SourceQuality "1"]
[WhiteTeam "Qatar"]
[BlackTeam "Seychelles"]
[WhiteTeamCountry "QAT"]
[BlackTeamCountry "SEY"]

1. d4 Nf6 2. c4 g6 3. Nc3 d5 4. Bg5 c6 5. Bxf6 exf6 6. cxd5 cxd5 7. e3 Nc6 8. Nge2 Be6 9. g3 Bb4 10. Bg2 Bxc3+ 11. Nxc3 Qb6 12. 0-0 Rd8 13. Na4 Qb5 14. Rc1 b6 15. Nc3 Qa5 16. a3 Ne7 17. Qe2 a6 18. Nb1 0-0 19. Rc7 Rd7 20. Rfc1 Rfd8 21. b4 Qa4 22. Bf1 b5 23. Rxd7 Bxd7 24. Qb2 1-0

[Event "Olympiad-38"]
[Site "Dresden"]
[Date "2008.11.16"]
[Round "4"]
[White "Nakapunda, Otto"]
[Black "Meier, Kurt"]
[Result "1/2-1/2"]
[WhiteElo "2083"]
[BlackElo "2037"]
[PlyCount "121"]
[EventDate "2008.11.13"]
[EventType "team-swiss"]
[EventRounds "11"]
[EventCountry "GER"]
[SourceTitle "CBM 128"]
[Source "ChessBase"]
[SourceDate "2009.01.28"]
[SourceVersion "1"]
[SourceVersionDate "2009.01.28"]
[SourceQuality "1"]
[WhiteTeam "Namibia"]
[BlackTeam "Seychelles"]
[WhiteTeamCountry "NAM"]
[BlackTeamCountry "SEY"]

1. d4 c5 2. e3 e6 3. c4 Nf6 4. Nf3 cxd4 5. exd4 Bb4+ 6. Bd2 Bxd2+ 7. Qxd2 d5 8. c5 0-0 9. Nc3 Nc6 10. Bd3 b6 11. cxb6 Qxb6 12. 0-0 Rb8 13. b3 Nb4 14. Na4 Qd6 15. Bb1 Ne4 16. Qe3 f5 17. a3 Nc6 18. Nc5 e5 19. Nxe4 fxe4 20. dxe5 Nxe5 21. Nxe5 Qxe5 22. Ra2 Bb7 23. Rd1 Rf6 24. Rad2 Rh6 25. Qg3 Qxg3 26. hxg3 Rb6 27. b4 Re8 28. Ba2 e3 29. Bxd5+ Kf8 30. fxe3 Rxe3 31. Rf1+ Ke8 32. Rf3 Re5 33. Bxb7 Rxb7 34. Rdf2 Re1+ 35. Kh2 Ree7 36. g4 h6 37. Kg3 Rb5 38. Rf8+ Kd7 39. Ra8 Kc6 40. Rc8+ Kb7 41. Rff8 Re3+ 42. Kf2 Rxa3 43. Rce8 Rc3 44. Rb8+ Ka6 45. Rxb5 Kxb5 46. Rb8+ Kc4 47. Rb7 a6 48. Rxg7 Kxb4 49. Rg6 a5 50. Rxh6 a4 51. Rb6+ Kc5 52. Ra6 Kb5 53. Ra8 Rc5 54. Ke3 Kb4 55. Kf4 Rc4+ 56. Kf5 Rc2 57. g3 Rf2+ 58. Ke6 Rg2 59. g5 Rxg3 60. Kf6 Rf3+ 61. Ke5 1/2-1/2

[Event "Olympiad-38"]
[Site "Dresden"]
[Date "2008.11.15"]
[Round "3"]
[White "Meier, Kurt"]
[Black "Warner, Delisle"]
[Result "0-1"]
[WhiteElo "2037"]
[BlackElo "2226"]
[PlyCount "82"]
[EventDate "2008.11.13"]
[EventType "team-swiss"]
[EventRounds "11"]
[EventCountry "GER"]
[SourceTitle "CBM 128"]
[Source "ChessBase"]
[SourceDate "2009.01.28"]
[SourceVersion "1"]
[SourceVersionDate "2009.01.28"]
[SourceQuality "1"]
[WhiteTeam "Seychelles"]
[BlackTeam "Barbados"]
[WhiteTeamCountry "SEY"]
[BlackTeamCountry "BAR"]

1. e4 e6 2. d4 d5 3. Nd2 c5 4. exd5 Qxd5 5. Ngf3 cxd4 6. Bc4 Qd6 7. 0-0 Nf6 8. Nb3 Nc6 9. Nbxd4 Nxd4 10. Nxd4 a6 11. c3 Qc7 12. Qa4+ Bd7 13. Bb5 Bd6 14. Bxd7+ Nxd7 15. Nf3 0-0-0 16. Be3 Nc5 17. Bxc5 Bxc5 18. b4 Bb6 19. c4 Qf4 20. c5 Bc7 21. Rad1 g5 22. c6 g4 23. cxb7+ Kxb7 24. Rc1 gxf3 25. Qc6+ Kb8 26. g3 Qd6 27. Qxf3 Qd5 28. Qxf7 Rd7 29. Qf6 Be5 30. Qh6 Bd4 31. a4 Rf7 32. Rc2 Qe4 33. Qd2 Rhf8 34. Qd1 Qd5 35. Qb1 h5 36. Qa2 Qd6 37. b5 h4 38. Rc6 Bxf2+ 39. Kg2 h3+ 40. Kxh3 Rh7+ 41. Kg2 Rxh2+ 0-1

[Event "Olympiad-38"]
[Site "Dresden"]
[Date "2008.11.13"]
[Round "1"]
[White "Meier, Kurt"]
[Black "Espinoza, Felix"]
[Result "1/2-1/2"]
[WhiteElo "2037"]
[BlackElo "2243"]
[PlyCount "159"]
[EventDate "2008.11.13"]
[EventType "team-swiss"]
[EventRounds "11"]
[EventCountry "GER"]
[SourceTitle "CBM 128"]
[Source "ChessBase"]
[SourceDate "2009.01.28"]
[SourceVersion "1"]
[SourceVersionDate "2009.01.28"]
[SourceQuality "1"]
[WhiteTeam "Seychelles"]
[BlackTeam "Nicaragua"]
[WhiteTeamCountry "SEY"]
[BlackTeamCountry "NCA"]

1. e4 c5 2. Nf3 d6 3. d4 cxd4 4. Nxd4 Nf6 5. Nc3 a6 6. f4 e6 7. Qf3 Qc7 8. Be3 b5 9. a3 Bb7 10. 0-0-0 Nbd7 11. g4 Nc5 12. Bd3 Rc8 13. g5 Nfd7 14. Kb1 Nxd3 15. cxd3 e5 16. Nf5 g6 17. Ng3 exf4 18. Qxf4 Bg7 19. Rc1 Qb8 20. Rhf1 0-0 21. d4 Nb6 22. h4 Nc4 23. h5 Rce8 24. Rh1 Nxe3 25. Qxe3 f5 26. gxf6 Rxf6 27. hxg6 hxg6 28. Qg5 Qd8 29. Rhg1 Rfe6 30. Qe3 Qb6 31. Rgd1 d5 32. Qg5 dxe4 33. Nd5 Bxd5 34. Qxd5 Qd6 35. Qb3 Bxd4 36. Nxe4 Qe5 37. Nc3 Bxc3 38. Rxc3 Qf5+ 39. Ka2 Qf7 40. Rf3 Qc7 41. Rc3 Qe5 42. Rh1 Qe4 43. Rhh3 Kg7 44. Rc7+ R8e7 45. Rc8 g5 46. Rhh8 Kg6 47. Rhg8+ Rg7 48. Qd1 Ree7 49. Rh8 Qe6+ 50. Kb1 Qe1 51. Rc6+ Kf7 52. Kc1 g4 53. Rh1 Qe3+ 54. Qd2 Qf3 55. Rhh6 Qf1+ 56. Kc2 Qf5+ 57. Kc1 g3 58. Rhf6+ Qxf6 59. Rxf6+ Kxf6 60. Qf4+ Ke6 61. Qe4+ Kd6 62. Qd4+ Kc6 63. Qc3+ Kb7 64. Qf3+ Ka7 65. Qg2 Ref7 66. Kd1 Rf2 67. Qc6 Rff7 68. Qc5+ Kb7 69. Qd5+ Kc7 70. Qc5+ Kd8 71. Qb6+ Rc7 72. Qf6+ Ke8 73. Qe6+ Kf8 74. Qf6+ Ke8 75. Qe6+ Rce7 76. Qc8+ Kf7 77. Qf5+ Kg8 78. Qc8+ Kh7 79. Qh3+ Kg8 80. Qc8+ 1/2-1/2

[Event "Olympiad-37"]
[Site "Turin"]
[Date "2006.06.03"]
[Round "12"]
[White "Digesh, Shanker Malla"]
[Black "Meier, Kurt"]
[Result "1-0"]
[WhiteElo "2257"]
[BlackElo "2105"]
[PlyCount "83"]
[EventDate "2006.05.21"]
[EventType "team-swiss"]
[EventRounds "13"]
[EventCountry "ITA"]
[SourceTitle "CBM 113"]
[Source "ChessBase"]
[SourceDate "2006.07.31"]
[SourceVersion "1"]
[SourceVersionDate "2006.07.31"]
[SourceQuality "1"]
[WhiteTeam "Nepal"]
[BlackTeam "Seychelles"]
[WhiteTeamCountry "NEP"]
[BlackTeamCountry "SEY"]

1. e4 c5 2. Nf3 d6 3. d4 cxd4 4. Nxd4 Nf6 5. Nc3 Nc6 6. Be2 e6 7. 0-0 Be7 8. Kh1 0-0 9. f4 a6 10. a4 Qb6 11. Nb3 Bd7 12. a5 Qa7 13. Bf3 Rac8 14. Na4 e5 15. f5 Bd8 16. Nc3 Be7 17. Qe2 Nd4 18. Qf2 b5 19. axb6 Qxb6 20. Be3 Bc6 21. Nxd4 exd4 22. Bxd4 Qb7 23. Rfe1 Rfe8 24. b3 Bd8 25. Qg3 Qb4 26. Rad1 Bb5 27. Nd5 Qxd4 28. Rxd4 Rxc2 29. Qxd6 Nxd5 30. Rxd5 Ba5 31. Red1 g6 32. fxg6 hxg6 33. Rxb5 axb5 34. Qd7 Re5 35. h3 Rec5 36. Qe8+ Kg7 37. e5 Bc7 38. e6 Rc1 39. Qxf7+ Kh6 40. e7 Rxd1+ 41. Bxd1 Rc1 42. Qf3 1-0

[Event "Olympiad-37"]
[Site "Turin"]
[Date "2006.05.31"]
[Round "10"]
[White "Meier, Kurt"]
[Black "Kovacova, Zuzana"]
[Result "1-0"]
[WhiteElo "2105"]
[BlackElo "2098"]
[PlyCount "105"]
[EventDate "2006.05.21"]
[EventType "team-swiss"]
[EventRounds "13"]
[EventCountry "ITA"]
[SourceTitle "CBM 113"]
[Source "ChessBase"]
[SourceDate "2006.07.31"]
[SourceVersion "1"]
[SourceVersionDate "2006.07.31"]
[SourceQuality "1"]
[WhiteTeam "Seychelles"]
[BlackTeam "Bermuda"]
[WhiteTeamCountry "SEY"]
[BlackTeamCountry "BER"]

1. e4 e5 2. Nf3 Nc6 3. Bb5 a6 4. Ba4 d6 5. c4 Bd7 6. d4 Nxd4 7. Bxd7+ Qxd7 8. Nxd4 exd4 9. Qxd4 Nf6 10. Nc3 Be7 11. 0-0 0-0 12. Bf4 Rfe8 13. Rad1 Qg4 14. Bg3 Nh5 15. f3 Qg6 16. Nd5 Nxg3 17. hxg3 Bd8 18. Kf2 f5 19. Nf4 Qf7 20. exf5 Qxf5 21. g4 Qf7 22. Qd5 Rb8 23. b3 b5 24. Rfe1 Rxe1 25. Rxe1 Bf6 26. cxb5 axb5 27. Rc1 Qxd5 28. Nxd5 Bd8 29. f4 Rc8 30. Rc6 Ra8 31. Rc2 c5 32. Kf3 Kf7 33. f5 Bg5 34. Nc7 Rb8 35. Ne6 Bf6 36. g5 Be5 37. g4 Rc8 38. Ke4 c4 39. bxc4 bxc4 40. Nd4 Rc5 41. Nf3 Ba1 42. Rd2 c3 43. Rc2 Bb2 44. Kd3 Ra5 45. Rh2 Rxa2 46. Rxh7 Ra4 47. f6 Rxg4 48. Rxg7+ Kf8 49. g6 Rg2 50. Nd4 Rd2+ 51. Ke3 c2 52. Ne6+ Ke8 53. Re7# 1-0

[Event "Olympiad-37"]
[Site "Turin"]
[Date "2006.05.23"]
[Round "3"]
[White "Celis, Solomon B III"]
[Black "Meier, Kurt"]
[Result "1/2-1/2"]
[WhiteElo "2079"]
[BlackElo "2105"]
[PlyCount "105"]
[EventDate "2006.05.21"]
[EventType "team-swiss"]
[EventRounds "13"]
[EventCountry "ITA"]
[SourceTitle "CBM 113"]
[Source "ChessBase"]
[SourceDate "2006.07.31"]
[SourceVersion "1"]
[SourceVersionDate "2006.07.31"]
[SourceQuality "1"]
[WhiteTeam "Macau"]
[BlackTeam "Seychelles"]
[WhiteTeamCountry "MAC"]
[BlackTeamCountry "SEY"]

1. e4 c5 2. Nf3 d6 3. d4 cxd4 4. Nxd4 Nf6 5. Nc3 Nc6 6. Be3 Ng4 7. Bg5 Qb6 8. Bb5 Bd7 9. Bxc6 bxc6 10. 0-0 Qxb2 11. Qd2 Qb6 12. Rfb1 Qc7 13. f3 Ne5 14. Rb3 Nc4 15. Qe2 Nb6 16. f4 f6 17. Bh4 e5 18. fxe5 dxe5 19. Nf5 Bc5+ 20. Kh1 0-0 21. a4 Bxf5 22. exf5 Bd4 23. a5 Nd5 24. Nxd5 cxd5 25. c3 Bxc3 26. Rc1 d4 27. Be1 Rac8 28. Bxc3 dxc3 29. Rbxc3 Qxc3 30. Rxc3 Rxc3 31. Qa2+ Kh8 32. h3 Rfc8 33. Qe6 h6 34. a6 R3c7 35. Kh2 Kh7 36. Kg3 Rd8 37. Kh4 Rdd7 38. Kh5 Re7 39. Qd6 Rcd7 40. Qc6 e4 41. g4 e3 42. h4 Rd4 43. g5 Rxh4+ 44. Kxh4 hxg5+ 45. Kg3 e2 46. Qh1+ Kg8 47. Qd5+ Kf8 48. Qd8+ Kf7 49. Qd5+ Ke8 50. Qa8+ Kf7 51. Qd5+ Kf8 52. Qd8+ Re8 53. Qd6+ 1/2-1/2